| 000 | 00476nam a2200193Ia 4500 | ||
|---|---|---|---|
| 008 | 220531s9999 xx 000 0 und d | ||
| 041 | _aeng | ||
| 082 | _bKAR | ||
| 100 |
_aKaranjkar, A. _969303 |
||
| 245 | _aProduction And Operations Management | ||
| 250 | _a1ST | ||
| 260 |
_aPune _bNirali _c2014 |
||
| 300 | _a5.56 | ||
| 542 | _d19-11-2014 | ||
| 551 |
_aBba _bNon-grant-BBA |
||
| 650 |
_aManagement _969304 |
||
| 906 |
_d2014-2015 _f2960 |
||
| 999 |
_c38883 _d38883 |
||